00362nam a2200121Ia 4500008004100000041001200041082001100053100002400064245008400088260004900172300000700221650001200228221030s9999 xx 000 0 und d aEnglish a105.23 aBrilliant Tutorials 0aGeneral Ability Test Part A - General English Set 1 & 2cby Brilliant Tutorials bBrilliant Tutorials Pvt. Ltd.aChennaic2002 a93 aGeneral